[Event "CRO-chT2 Ost"]
[Site "Croatia"]
[Date "2015.10.25"]
[Round "11.65"]
[White "Kalinic, Luka"]
[Black "Popov, Radmila"]
[Result "1-0"]
[WhiteElo "2064"]
[BlackElo "1958"]
[PlyCount "55"]
[EventDate "2015.04.25"]
[EventType "team-tourn"]
[EventRounds "11"]
[EventCountry "CRO"]
[SourceTitle "EXT 2016"]
[Source "ChessBase"]
[SourceDate "2015.10.08"]
[SourceVersion "1"]
[SourceVersionDate "2015.10.08"]
[SourceQuality "1"]

1. e4 Nc6 2. d4 d6 3. d5 Ne5 4. f4 Ng6 5. Nf3 e5 6. dxe6 fxe6 7. Bd3 Nh4 8. 0-0 Nxf3+ 9. Qxf3 g6 10. f5 Qf6 11. fxg6 Qxf3 12. Rxf3 hxg6 13. e5 Ne7 14. Bg5 Rg8 15. Nc3 d5 16. Nb5 Kd7 17. Raf1 a6 18. Rxf8 axb5 19. Bxe7 Rg7 20. Bf6 Rxa2 21. Bxg7 Rxb2 22. R1f7+ Kc6 23. Rxc8 d4 24. Rcxc7+ Kb6 25. Rxb7+ Ka5 26. Rb8 Rb1+ 27. Kf2 Rd1 28. Rxb5+ 1-0

[Event "CRO-chT2 Ost"]
[Site "Croatia"]
[Date "2015.10.25"]
[Round "10.15"]
[White "Zubak, Zeljko"]
[Black "Kalinic, Luka"]
[Result "1/2-1/2"]
[WhiteElo "2018"]
[BlackElo "2064"]
[PlyCount "63"]
[EventDate "2015.04.25"]
[EventType "team-tourn"]
[EventRounds "11"]
[EventCountry "CRO"]
[SourceTitle "EXT 2016"]
[Source "ChessBase"]
[SourceDate "2015.10.08"]
[SourceVersion "1"]
[SourceVersionDate "2015.10.08"]
[SourceQuality "1"]

1. d4 d5 2. c4 Nf6 3. cxd5 Nxd5 4. e4 Nf6 5. Nc3 e6 6. Nf3 Be7 7. Bd3 Nbd7 8. 0-0 0-0 9. Qe2 Re8 10. h3 h6 11. a3 b6 12. Be3 Bb7 13. Rac1 c5 14. dxc5 Bxc5 15. Bb1 Bxe3 16. Qxe3 Qe7 17. Rfd1 Red8 18. Rd2 Nf8 19. Rcd1 Rxd2 20. Rxd2 Rd8 21. Rxd8 Qxd8 22. Qd2 Qxd2 23. Nxd2 Ng6 24. f3 Kf8 25. Kf2 Ke7 26. Ke3 e5 27. Bd3 Nd7 28. Bc2 Ndf8 29. Bd1 Ne6 30. Ne2 Ba6 31. Bc2 Bxe2 32. Kxe2 1/2-1/2

[Event "CRO-chT2 Ost"]
[Site "Osijek"]
[Date "2012.05.05"]
[Round "4.11"]
[White "Mesko, Damir"]
[Black "Kalinic, Luka"]
[Result "1/2-1/2"]
[WhiteElo "2049"]
[BlackElo "2032"]
[PlyCount "22"]
[EventDate "2012.04.21"]
[EventType "team-tourn"]
[EventRounds "11"]
[EventCountry "CRO"]
[SourceTitle "EXT 2014"]
[Source "ChessBase"]
[SourceDate "2013.11.20"]
[SourceVersion "1"]
[SourceVersionDate "2013.11.20"]
[SourceQuality "1"]

1. e4 e6 2. d4 d5 3. exd5 exd5 4. Bd3 Nf6 5. Ne2 Be7 6. 0-0 Bg4 7. f3 Bh5 8. Ng3 Bg6 9. c3 Nbd7 10. Nf5 0-0 11. Nxe7+ Qxe7 1/2-1/2